Action learning and the development of research capacity of ma tesol students : Luận văn thạc sĩ . Ngành Lý luận và phương pháp giảng dạy bộ môn tiếng Anh
Kiến nghị lồng mô hình học thông qua hoạt động vào trong công tác giảng dạy ngôn ngữ và hướng dẫn nghiên cứu khoa học nhằm nâng cao việc học cũng như khả năng nghiên cứu khoa học của sinh viên.
Saved in:
| Main Author: | |
|---|---|
| Format: | Book |
| Language: | Undetermined |
| Published: |
Cần Thơ
Đại học Cần Thơ
2013
|
| Subjects: | |
| Tags: |
Add Tag
No Tags, Be the first to tag this record!
|
| Institutions: | Trung tâm Học liệu Trường Đại học Cần Thơ |
|---|
| LEADER | 01205nam a2200229Ia 4500 | ||
|---|---|---|---|
| 001 | CTU_184453 | ||
| 008 | 210402s9999 xx 000 0 und d | ||
| 082 | |a 428.2407 | ||
| 082 | |b Tr121 | ||
| 088 | |a 60140111 | ||
| 100 | |a Nguyễn, Phạm Huyền Trân | ||
| 245 | 0 | |a Action learning and the development of research capacity of ma tesol students : | |
| 245 | 0 | |b Luận văn thạc sĩ . Ngành Lý luận và phương pháp giảng dạy bộ môn tiếng Anh | |
| 245 | 0 | |c Nguyễn Phạm Huyền Trân ; Trịnh Quốc Lập người hướng dẫn | |
| 260 | |a Cần Thơ | ||
| 260 | |b Đại học Cần Thơ | ||
| 260 | |c 2013 | ||
| 520 | |a Kiến nghị lồng mô hình học thông qua hoạt động vào trong công tác giảng dạy ngôn ngữ và hướng dẫn nghiên cứu khoa học nhằm nâng cao việc học cũng như khả năng nghiên cứu khoa học của sinh viên. | ||
| 650 | |a Giảng dạy tiếng anh,English language,English language | ||
| 650 | |x Study and teaching,Outlines, syllabi, etc | ||
| 904 | |i Thu Lài | ||
| 980 | |a Trung tâm Học liệu Trường Đại học Cần Thơ | ||